000 00284nam a2200097Ia 4500
082 _a641.692|JONES
245 0 _aStar fish : top 10 sustainable fish
100 _a Jones, Daisy, Cape Town, South Africa, 2014
_970451
942 _cBK
008 210817s9999 xx 000 0 und d
999 _c228436
_d228435